Biochemistry and physiology of visual pigments: symposium held at Inst. f. Tierphysiologie Ruhr-Univ. (Record no. 72485)
[ view plain ]
| 000 -LEADER | |
|---|---|
| fixed length control field | 01273nam a2200313 a 4500 |
| 001 - CONTROL NUMBER | |
| control field | 72485 |
| 003 - CONTROL NUMBER IDENTIFIER | |
| rucl marc code | BD-RjUL |
| 005 - DATE AND TIME OF LATEST TRANSACTION | |
| control field | 20211209082251.0 |
| 008 - FIXED-LENGTH DATA ELEMENTS--GENERAL INFORMATION | |
| fixed length control field | 170520s1973 wb a b 101 0 engm |
| 020 ## - INTERNATIONAL STANDARD BOOK NUMBER | |
| International Standard Book Number | 0387062041 (New York) |
| 035 ## - SYSTEM CONTROL NUMBER | |
| System control number | (BD-RjUL)72703 |
| 040 ## - CATALOGING SOURCE | |
| Original cataloging agency | DLC |
| Transcribing agency | DLC |
| Modifying agency | m.c. |
| -- | WQM |
| -- | MYG |
| -- | BD-RjUL |
| Language of cataloging | eng |
| 041 ## - LANGUAGE CODE | |
| Language code of text/sound track or separate title | eng |
| 082 ## - DEWEY DECIMAL CLASSIFICATION NUMBER | |
| Edition number | 23 |
| Classification number | 612.8 |
| Author mark and year | BIO 1973 |
| 099 ## - LOCAL FREE-TEXT CALL NUMBER (OCLC) | |
| Bangla Class number | QP671.V5.S86 1972 |
| 111 2# - MAIN ENTRY--MEETING NAME | |
| Meeting name or jurisdiction name as entry element | Symposium on the Biochemistry and Physiology of Visual Pigments |
| Date of meeting | (1972 : |
| Location of meeting | Bochum, Germany) |
| 9 (RLIN) | 214377 |
| 245 10 - TITLE STATEMENT | |
| Title | Biochemistry and physiology of visual pigments: symposium held at Inst. f. Tierphysiologie Ruhr-Univ. |
| Remainder of title | Bochum, W. Germany, August 27-30, 1972 / |
| Statement of responsibility, etc. | for the organizing committee edited by Helmut Langer. |
| 260 ## - PUBLICATION, DISTRIBUTION, ETC. (IMPRINT) | |
| Place of publication, distribution, etc. | New York : |
| Name of publisher, distributor, etc. | Springer, |
| Date of publication, distribution, etc. | 1973. |
| 300 ## - PHYSICAL DESCRIPTION | |
| Pagination | xiii, 366 p. : |
| Illustrations | 202 ill. ; |
| Size | 25 cm. |
| 504 ## - BIBLIOGRAPHY, ETC. NOTE | |
| Bibliography, etc | Includes bibliographical references. |
| 650 #0 - SUBJECT ADDED ENTRY--TOPICAL TERM | |
| Topical term or geographic name as entry element | Visual pigments |
| Form subdivision | Congresses. |
| 9 (RLIN) | 214378 |
| Topical term or geographic name as entry element | Photoreceptors |
| Form subdivision | Congresses. |
| 9 (RLIN) | 214379 |
| 700 1# - ADDED ENTRY--PERSONAL NAME | |
| Personal name | Lnger, Helmut. |
| 710 2# - ADDED ENTRY--CORPORATE NAME | |
| Corporate name or jurisdiction name as entry element | Ruhr-Universitt Bochum. |
| Subordinate unit | Institut fr Tierphysiologie. |
| 9 (RLIN) | 214381 |
| 776 1# - ADDITIONAL PHYSICAL FORM ENTRY | |
| Record control number | (OCoLC)840301749 |
| 856 41 - ELECTRONIC LOCATION AND ACCESS | |
| Materials specified | SpringerLink |
| Uniform Resource Identifier | <a href="http://dx.doi.org/10.1007/978-3-642-85769-0">http://dx.doi.org/10.1007/978-3-642-85769-0</a> |
| Public note | MIT Access Only |
| 942 ## - ADDED ENTRY ELEMENTS (KOHA) | |
| Source of classification or shelving scheme | Dewey Decimal Classification |
| Koha item type | Books |
| Lost status | Source of classification or shelving scheme | Damaged status | Not for loan | Collection code | Permanent Location | Current Location | Shelving location | Date acquired | Source of acquisition | Cost, normal purchase price | Total Checkouts | Full call number | Date last seen | Copy number | Koha item type |
|---|---|---|---|---|---|---|---|---|---|---|---|---|---|---|---|
| Dewey Decimal Classification | Non-fiction | Central Library, University of Rajshahi | Central Library, University of Rajshahi | Reading Room | 12/10/1974 | Heffers | 12.65 | 612.8 BIO 1973 | 20/05/2017 | C-1 | Books |